Evaluating the Los Angeles County elder abuse forensic center
| VerfasserInnen: | ; |
|---|---|
| Medienart: | Elektronisch Aufsatz |
| Sprache: | Englisch |
| Veröffentlicht: |
2015
|
| In: |
National Institute of Justice journal
Jahr: 2015, Band: 276, Heft: NCJ 249222, Seiten: 32-37 |
| Online-Zugang: |
Volltext (lizenzpflichtig) Volltext (lizenzpflichtig) |
| Verfügbarkeit prüfen: | HBZ Gateway |
MARC
| LEADER | 00000caa a22000002c 4500 | ||
|---|---|---|---|
| 001 | 1912542277 | ||
| 003 | DE-627 | ||
| 005 | 20250115054951.0 | ||
| 007 | cr uuu---uuuuu | ||
| 008 | 241217s2015 xx |||||o 00| ||eng c | ||
| 035 | |a (DE-627)1912542277 | ||
| 035 | |a (DE-599)KXP1912542277 | ||
| 040 | |a DE-627 |b ger |c DE-627 |e rda | ||
| 041 | |a eng | ||
| 084 | |a 2,1 |2 ssgn | ||
| 100 | 1 | |a Taylor, Terry |e VerfasserIn |4 aut | |
| 245 | 1 | 0 | |a Evaluating the Los Angeles County elder abuse forensic center |
| 264 | 1 | |c 2015 | |
| 336 | |a Text |b txt |2 rdacontent | ||
| 337 | |a Computermedien |b c |2 rdamedia | ||
| 338 | |a Online-Ressource |b cr |2 rdacarrier | ||
| 700 | 1 | |a Mulford, Carrie |e VerfasserIn |4 aut | |
| 773 | 0 | 8 | |i Enthalten in |a National Institute of Justice (USA) |t National Institute of Justice journal |d Washington, DC : NIJ, 1995 |g 276(2015), NCJ 249222, Seite 32-37 |h Online-Ressource |w (DE-627)325296006 |w (DE-600)2035228-1 |w (DE-576)096188812 |7 nnas |
| 773 | 1 | 8 | |g volume:276 |g year:2015 |g number:NCJ 249222 |g pages:32-37 |
| 787 | 0 | 8 | |i Forschungsdaten |a Nichol, Michael |t Evaluating the Cost Effectiveness of the Elder Abuse Forensic Center Model in Los Angeles County, California, 2007-2013 |d [Erscheinungsort nicht ermittelbar] : [Verlag nicht ermittelbar], 2017 |w (DE-627)1840042818 |
| 787 | 0 | 8 | |i Forschungsdaten |a Wilber, Kathleen |t Evaluating the Elder Abuse Forensic Center Model in Los Angeles County, California, 2007-2009 |d [Erscheinungsort nicht ermittelbar] : [Verlag nicht ermittelbar], 2016 |w (DE-627)1840043687 |
| 856 | 4 | 0 | |u https://www.ncjrs.gov/app/publications/abstract.aspx?id=271363 |x Verlag |z lizenzpflichtig |3 Volltext |7 1 |
| 856 | 4 | 0 | |u https://www.ncjrs.gov/pdffiles1/nij/249222.pdf |q application/pdf |x Verlag |z lizenzpflichtig |3 Volltext |7 1 |
| 935 | |a mkri | ||
| 951 | |a AR | ||
| ELC | |a 1 | ||
| LOK | |0 000 xxxxxcx a22 zn 4500 | ||
| LOK | |0 001 4637507774 | ||
| LOK | |0 003 DE-627 | ||
| LOK | |0 004 1912542277 | ||
| LOK | |0 005 20241217044428 | ||
| LOK | |0 008 241217||||||||||||||||ger||||||| | ||
| LOK | |0 035 |a (DE-2619)ICPSR123383 | ||
| LOK | |0 040 |a DE-2619 |c DE-627 |d DE-2619 | ||
| LOK | |0 092 |o n | ||
| LOK | |0 852 |a DE-2619 | ||
| LOK | |0 852 1 |9 00 | ||
| LOK | |0 935 |a nacp | ||
| LOK | |0 939 |a 17-12-24 |b l01 | ||
| ORI | |a SA-MARC-krimdoka001.raw | ||
